Mexican Manuscript Painting of the Early Colonial Period (Record no. 9284)
[ view plain ]
| 000 -CABECERA | |
|---|---|
| campo de control de longitud fija | 00822nam a2200253 a 4500 |
| 001 - NÚMERO DE CONTROL | |
| campo de control | BRL_472 |
| 005 - FECHA Y HORA DE LA ÚLTIMA TRANSACCIÓN | |
| campo de control | 20190320210746.0 |
| 008 - DATOS DE LONGITUD FIJA--INFORMACIÓN GENERAL | |
| campo de control de longitud fija | 190813s1959----u--a######---#000-0#eng-# |
| 041 ## - CÓDIGO DE LENGUA | |
| Código de lengua del texto/banda sonora o título independiente | eng |
| 044 ## - CÓDIGO DEL PAÍS DE LA ENTIDAD EDITORA/PRODUCTORA | |
| Código MARC del país | u |
| 050 #4 - SIGNATURA TOPOGRÁFICA DE LA BIBLIOTECA DEL CONGRESO | |
| Número de clasificación | F1219.5 |
| Número de documento/Ítem | .R63 1959 |
| 100 1# - ENTRADA PRINCIPAL--NOMBRE DE PERSONA | |
| Nombre de persona | Robertson, Donald |
| 9 (RLIN) | 24020 |
| 245 10 - MENCIÓN DE TÍTULO | |
| Título | Mexican Manuscript Painting of the Early Colonial Period |
| Resto del título | The Metropolitan Schools |
| Mención de responsabilidad, etc. | Donald Robertson |
| 260 ## - PUBLICACIÓN, DISTRIBUCIÓN, ETC. | |
| Lugar de publicación, distribución, etc. | New Haven |
| Nombre del editor, distribuidor, etc. | Yale University Press |
| Fecha de publicación, distribución, etc. | 1959 |
| 300 ## - DESCRIPCIÓN FÍSICA | |
| Extensión | xix, 234 p. |
| Otras características físicas | 88 laminas |
| Dimensiones | 28 cm |
| 440 #0 - MENCIÓN DE SERIE/PUNTO DE ACCESO ADICIONAL--TÍTULO | |
| Título | Yale historical publications. History of art |
| Designación de volumen o secuencia | 12 |
| 9 (RLIN) | 24021 |
| 500 ## - NOTA GENERAL | |
| Nota general | Au483 |
| 504 ## - NOTA DE BIBLIOGRAFÍA, ETC. | |
| Nota de bibliografía, etc. | Bibliografía: p. 203-222 |
| 650 14 - PUNTO DE ACCESO ADICIONAL DE MATERIA--TÉRMINO DE MATERIA | |
| Término de materia o nombre geográfico como elemento de entrada | Miniaturas |
| Subdivisión geográfica | México |
| 9 (RLIN) | 24022 |
| 650 14 - PUNTO DE ACCESO ADICIONAL DE MATERIA--TÉRMINO DE MATERIA | |
| Término de materia o nombre geográfico como elemento de entrada | Iluminación de libros y manuscritos |
| Subdivisión geográfica | México |
| 9 (RLIN) | 17523 |
| 650 14 - PUNTO DE ACCESO ADICIONAL DE MATERIA--TÉRMINO DE MATERIA | |
| Término de materia o nombre geográfico como elemento de entrada | Manuscritos mexicanos |
| 9 (RLIN) | 781 |
| 902 ## - CATALOGADOR | |
| Iniciales | GRL |
| 942 ## - ELEMENTOS DE PUNTO DE ACCESO ADICIONAL (KOHA) | |
| Fuente del sistema de clasificación o colocación | Library of Congress Classification |
| Tipo de ítem Koha | Libros |
| Estado de retiro | Estado de pérdida | Estado dañado | No para préstamo | Localización permanente | Ubicación/localización actual | Fecha de adquisición | Número de inventario | Total de préstamos | Signatura topográfica completa | Código de barras | Fecha visto por última vez | Precio válido a partir de | Tipo de ítem Koha |
|---|---|---|---|---|---|---|---|---|---|---|---|---|---|
| El ejemplar forma parte de la colección y puede ser consultado según las políticas vigentes. | Biblioteca Centro de Estudios Ruth D. Lechuga | Biblioteca Centro de Estudios Ruth D. Lechuga | 19/08/2013 | Au483 | F1219.5 .R63 1959 (Au483) | GRL00507 | 22/03/2019 | 22/03/2019 | Libros |